[Event "44th Chess Olympiad Women 2022"]
[Site "Chennai"]
[Date "2022.08.09"]
[Round "11.55"]
[White "James, Shemilah"]
[Black "Grishina, Alexandra"]
[Result "0-1"]
[WhiteElo "1590"]
[BlackElo "2012"]
[Annotator "TA"]
[PlyCount "104"]
[EventDate "2022.07.29"]
[EventType "team-tourn"]
[EventCountry "IND"]
[SourceTitle "playchess.com"]
[Source "ChessBase"]
[SourceQuality "1"]
[WhiteTeam "TTO"]
[BlackTeam "Lebanon"]
[BlackTeamCountry "LBN"]

1. e4 c6 2. d4 d5 3. exd5 cxd5 4. Bd3 Nc6 5. c3 Nf6 6. Bf4 Bg4 7. Nf3 e6 8. Nbd2 Bd6 9. Bg3 Bxg3 10. hxg3 Qd6 11. Qb3 O-O 12. Qc2 h6 13. O-O e5 14. dxe5 Nxe5 15. Nxe5 Qxe5 16. Rfe1 Qh5 17. f3 Be6 18. g4 Qg5 19. Nb3 h5 20. gxh5 Nxh5 21. Nd4 Nf4 22. Bh7+ Kh8 23. Bf5 Bxf5 24. Nxf5 g6 25. Ne3 Kg7 26. Qd2 Rh8 27. Qd4+ Qf6 28. Qxf6+ Kxf6 29. g3 Nd3 30. Nxd5+ Kg7 31. Re2 Rh3 32. Rg2 Rah8 33. Kf1 Rh1+ 34. Rg1 R8h2 35. Rxh1 Rxh1+ 36. Ke2 Rxa1 37. Kxd3 Rxa2 38. b4 f5 39. Ke3 Rg2 40. Kf4 Rd2 41. Ke5 Rd3 42. g4 Rxf3 43. gxf5 Rxf5+ 44. Ke4 Rf1 45. c4 Kf7 46. Ke5 g5 47. Kd6 Re1 48. Kc7 g4 49. Kxb7 g3 50. Nf4 Re4 51. Ng2 Rxc4 52. b5 Ra4 0-1